000 01346namaa22003131i 4500
005 20260409114501.0
008 260409s1995 ua a|||frm||| 000 0 eng d
040 _aEG-GICUC
_beng
_cEG-GICUC
_dEG-GICUC
_erda
041 0 _aeng
_beng
_bara
049 _aDeposit
097 _aM.Sc
099 _aCai01.11.14.M.Sc.1995.Kh.C
100 0 _aKhaked Hussein Mohamed,
_epreparation.
245 1 0 _aComparison Between Endoscopic Banding Ligation of Oesophageal Varices And Combination of Endoscopic Banding Ligation With Injection Sclerotherotherapy /
_cBy Khaked Hussein Mohamed, Dr. Hassan Soliman, Dr. Hosny Salama, Dr. Alaa Moussa
246 1 5 _aمقارنة بين علاج دوالي المري بالربط بالمنظار مع الحقن
264 0 _c1995.
300 _a207 Leaves
_billustrations
_c30 cm. +
336 _2rda content
_atext
337 _2rdamedia
_aUnmediated
338 _2rdacarrier
_avolume
502 _aThesis (M.Sc.)-Cairo University, 1995
504 _aBibliography: pages 174-207
653 0 _aEndoscopic Banding Ligation of Oesophageal Varices
700 0 _aHassan Soliman
_ethesis advisor.
700 0 _aAlaa Moussa
_ethesis advisor.
900 _DDepartment of General Surgery
_FFaculty of Medicine
_UCairo University
_b1995
_cHassan Soliman
_cAlaa Moussa
905 _aNehad
942 _2ddc
_cTH
_e21
_n0
999 _c179332